Monumentálne podujatie s mnohostranným programom na okraj Bratislavských hudobných slávností '74

Bibliographic Details
Main Author: Stoják, Ján (Author)
Format: Article
Language:Slovak
Subjects:

MARC

LEADER 00000nab a2200000 a 4500
001 vtls010071145
003 SK-MaSNL
005 20260303210336.0
008 100303 1974 xo 000 0 slo
015 |a SNBRB1974 
040 |a SNKBUCL  |b slo  |c SNKBUCL  |e AACR2 
041 0 |a slo 
044 |a xo  |c SK 
080 |a 78.079  |2 2001 
100 1 |a Stoják, Ján  |4 aut  |9 623028 
245 1 0 |a Monumentálne podujatie s mnohostranným programom  |b na okraj Bratislavských hudobných slávností '74  |c Ján Stoják 
611 2 7 |a Bratislavské hudobné slávnosti  |n (10. :  |d 1974 :  |c Bratislava, Slovensko)  |2 snkbucl  |9 36190 
650 0 7 |a hudobné festivaly  |2 snkbucl  |9 2958 
773 0 |t Hlas ľudu  |g (23.10.1974), s. 3 
999 |c 2199855  |d 2201785